| 000 | 01866nam a2200277 a 4500 | ||
|---|---|---|---|
| 008 | 120416s1978 ||||||||||||||||| || u | ||
| 020 | _a0805395202 | ||
| 050 | _aQA 305 Was | ||
| 100 | _aWashington, Allyn J | ||
| 245 | 1 | 0 | _aBasic technical mathematics. (3rd ed.) |
| 246 | _aAllyn J. Washington | ||
| 250 | _a3rd ed. | ||
| 260 |
_aMenlo Park: _bThe Benjamin/Cummings _c1978 |
||
| 300 | _axiv, 682p. | ||
| 350 | _a0.00 | ||
| 650 | 0 | _aMATHEMATICS--HANDBOOKS, MANUALS, ETC | |
| 995 |
_aMAIN LIBRARY OPEN ACCESS _D0.00 _e713304 _FCBU-MAIN LIBRARY (Kitwe) _H1 _I29.95 _jQA 305 Was _M2 _ULOST _y011821 _ZMain Library Open Access Collection |
||
| 995 |
_aSHORT LOAN BOOKS _D0.00 _e713309 _FCBU-MAIN LIBRARY (Kitwe) _H7 _I29.95 _jQA 305 Was _M8 _UAVAILABLE _y011820 _ZShort Loan Collection |
||
| 995 |
_aANNEX COLLECTION (Main Library) _D0.00 _e713306 _FCBU-MAIN LIBRARY (Kitwe) _H3 _I29.95 _jQA 305 Was _M3 _UAVAILABLE _y011823 _ZAnnex Low-Usage Collection |
||
| 995 |
_aBINDERY (DAMAGED) _D0.00 _e713305 _FCBU-MAIN LIBRARY (Kitwe) _H4 _I29.95 _jQA 305 Was _M4 _UDAMAGED _y011824 _ZMain Library Open Access Collection |
||
| 995 |
_aSHORT LOAN BOOKS _D0.00 _e713307 _FCBU-MAIN LIBRARY (Kitwe) _H8 _I29.95 _jQA 305 Was _M1 _UAVAILABLE _y011819 _ZShort Loan Collection |
||
| 995 |
_aTEXTBOOKS (COMP.SCIENCE) _D0.00 _e3080 _FCBU-SCHOOL TEXTBOOK COLLECTIONS _H1 _I0.00 _jSCHOOL TEXTBOOK _M9 _UAVAILABLE _WJul 16, 2009 _y3080 _ZSchool Collections |
||
| 995 |
_aMAIN LIBRARY OPEN ACCESS _D0.00 _e713303 _FCBU-MAIN LIBRARY (Kitwe) _H2 _I29.95 _jQA 305 Was _M6 _UAVAILABLE _y011826 _ZMain Library Open Access Collection |
||
| 995 |
_aMAIN LIBRARY OPEN ACCESS _D0.00 _e713308 _FCBU-MAIN LIBRARY (Kitwe) _H5 _I29.95 _jQA 305 Was _M7 _UAVAILABLE _y011822 _ZMain Library Open Access Collection |
||
| 995 |
_aBINDERY (DAMAGED) _D0.00 _e718488 _FCBU-MAIN LIBRARY (Kitwe) _H6 _I29.95 _jQA 305 Was _M5 _UDAMAGED _y011825 _ZMain Library Open Access Collection |
||
| 999 |
_c84586 _d84586 |
||